000 00704nam a22002537a 4500
008 130605b xxu||||| |||| 00| 0 eng d
020 _a81-85617-66-x
024 _cavailable
037 _cavailable
040 _ambstu library
_dmbstu library
082 _222
_a428 BAH
100 _aBaugh, Sue L
110 _a
245 _aHou to write first class letter;the hand book of practical letter writing
260 _aUSA
_bNTC Publishing Group
_c2000
300 _a13.5 cm
_b328 page
_f10
_g13.5 cm
600 _aEnglish Usage
700 _aBaugh, Sue L
710 _a
270 _aUSA
_bUSA
_dUSA
365 _b111.00
_d111.00
942 _2ddc
_cBK
999 _c429
_d429